Curtain: (Record no. 54783)

000 -LEADER
fixed length control field 00383nam a22001577a 4500
020 ## - INTERNATIONAL STANDARD BOOK NUMBER
ISBN 9780007299607
082 ## - DEWEY DECIMAL CLASSIFICATION NUMBER
Classification number 823
Item number AGA/C
100 ## - MAIN ENTRY--AUTHOR NAME
Personal name Agatha Christie
245 ## - TITLE STATEMENT
Title Curtain:
Sub Title poirot's last case/
Statement of responsibility, etc by Agatha Christie
260 ## - PUBLICATION, DISTRIBUTION, ETC. (IMPRINT)
Place of publication London:
Name of publisher Harper,
Year of publication 2002.
300 ## - PHYSICAL DESCRIPTION
Number of Pages 284p.
650 ## - SUBJECT ADDED ENTRY--TOPICAL TERM
Topical Term Novel English
650 ## - SUBJECT ADDED ENTRY--TOPICAL TERM
Topical Term Literature English
650 ## - SUBJECT ADDED ENTRY--TOPICAL TERM
Topical Term Literature
942 ## - ADDED ENTRY ELEMENTS (KOHA)
Koha item type Book
Holdings
Withdrawn status Lost status Damaged status Not for loan Permanent Location Current Location Shelving location Date acquired Cost, normal purchase price Full call number Accession Number Price effective from Koha item type
        Sree Sankaracharya University of Sanskrit Sree Sankaracharya University of Sanskrit Stacks 24.07.2015 199.00 823 AGA/C 077679 24.07.2015 Book